Droit civil - Statistiques

Statistiques générales
  • Ce quiz a été pris 265 fois
  • Le résultat moyen est 10 sur 15
Statistiques - réponses
Question Réponse % Correct
Comment le droit est-il défini dans un sens large ? Le droit est l'ensemble des règles qui régissent la conduite de l'homme en société.
83%
Quelle est la différence entre le droit national et le droit international ? Le droit national s'applique dans un État déterminé sans élément étranger, tandis que le droit international gère les relations entre États ou avec des éléments étrangers.
83%
Qu'est-ce que le droit objectif ? C'est l'ensemble des règles de conduite imposées par l'autorité publique qui régit les rapports entre les personnes.
82%
Qu'est-ce que le droit public ? C'est l'ensemble des règles qui organisent les pouvoirs publics et les rapports de l'État avec des particuliers.
77%
Qu'est-ce que le droit pénal ? C'est la discipline qui organise la réaction de l'État face aux comportements constitutifs d'infractions.
75%
Quel est l'objectif du droit du travail ? Régir les rapports entre employeurs et salariés et organiser la relation de travail subordonnée.
71%
Quelle est la fonction du droit civil ? Régir les rapports des individus entre eux en l'absence de règles spéciales d'autres disciplines juridiques.
66%
Qu'est-ce que le droit commercial ? C'est une discipline autonome qui règle le statut des commerçants et organise les opérations commerciales.
65%
Quelles sont les deux notions que le mot 'droit' renvoie ? Le droit objectif et les droits subjectifs.
64%
Qu'est-ce qu'un vide juridique ? Situation où aucune règle particulière ne permet de régler un litige, nécessitant de se tourner vers le droit civil.
64%
Qu'est-ce que le droit international privé ? C'est l'ensemble des règles qui gouvernent les rapports des particuliers entre eux lorsqu'il y a un élément étranger.
59%
Qu'est-ce que les droits subjectifs ? Ce sont les prérogatives reconnues par le droit objectif aux personnes ou groupes de personnes.
58%
Quelles sont les deux composantes du droit social ? Le droit du travail et le droit de la sécurité sociale.
57%
Quelle est la finalité du droit international public ? Assurer la coordination des normes entre États.
53%
Quelle est la matrice du droit civil ? L'individu
52%
Aucun quiz correspondant
Distribution des résultats
% des personnes avec chaque résultat
Percentile par nombre de réponses
Votre historique - résultats
Vous n’avez pas pris ce quiz